Carregant...

Kavikalezhuthiya kathakal/

Dades bibliogràfiques
Altres autors: Narendradev, P K. (Compilador)
Format: Printed Book
Idioma:Malayalam
Publicat: Thrissur: Kerala Sahitya Akademi, 2015.
Matèries:
LEADER 00619 a2200169 4500
008 180510b xxu||||| |||| 00| 0 mal d
999 |c 117432  |d 117432 
020 |a 9788176903318 
082 |a 855.08 
245 |a Kavikalezhuthiya kathakal/  |c compiled by P K Narendradev. 
260 |b Kerala Sahitya Akademi,  |c 2015.  |a Thrissur: 
300 |a 198p.  |c 21cm. 
546 |a Malayalam 
650 |v Short stories, malayalam  
700 |a Narendradev, P K.  |e compiler 
942 |2 ddc  |c BK 
952 |0 0  |1 0  |4 0  |6 855_080000000000000_KAV_M  |7 0  |9 126802  |a UL  |b UL  |c ST1  |d 2018-03-06  |e 176  |g 93.00  |l 3  |o 855.08 KAV M  |p 98688  |r 2019-03-15  |s 2019-03-06  |v 150.00  |y BK